Estudi sobre la situació de la dona al Magrib i a Turquia / Eulàlia Mestres Domènech
Descripción Física:
218 p. ; 19 cm
MARC
| LEADER | 00000nam a2200000Ia 4500 | ||
|---|---|---|---|
| 001 | 21007 | ||
| 008 | 160829s2006 xx 000 0 cat d | ||
| 080 | |a S-1-274 | ||
| 100 | |a Mestres Domènech, Eulàlia |9 36247 | ||
| 245 | |a Estudi sobre la situació de la dona al Magrib i a Turquia / Eulàlia Mestres Domènech | ||
| 260 | |a Barcelona : |b Diputació de Barcelona, |c 2006 | ||
| 300 | |a 218 p. ; |c 19 cm | ||
| 590 | |a Bibliografia | ||
| 650 | |a Estudis feministes |9 36248 | ||
| 650 | |a Dones |x Situació legal, lleis, etc. |x Magrib |9 36249 | ||
| 650 | |a Dones |x Situació legal, lleis, etc. |x Turquia I |9 36250 | ||
| 650 | |a Dones en la política |x Magrib |9 36251 | ||
| 650 | |a Dones en la política |x Turquia |9 36252 | ||
| 710 | 1 | |a Barcelona (Catalunya : Província). |b Diputació |9 52408 | |
| 901 | |a Arxiu | ||
| 942 | |n 1 | ||
| 952 | |0 0 |1 0 |4 0 |6 S1274 |7 1 |9 47256 |a Arxiu |b Arxiu |d 2016-12-01 |l 0 |o S-1-274 |p 21007 |r 2016-12-01 00:00:00 |w 2016-12-01 |y ARXIU | ||
| 999 | |c 51053 |d 51053 | ||